| 000 | 006260000a22001930004500 | ||
|---|---|---|---|
| 090 |
_aAR _b03227 |
||
| 245 | 1 | 0 | _aUnequal irrigators: heterogeneity and commons management in large-scale multivariate research |
| 500 | _a<Valoración y equidad> | ||
| 650 | 1 | 4 |
_aEquidad _93813 |
| 650 | 1 | 4 |
_aUso de los recursos _992826 |
| 650 | 1 | 4 |
_aAcceso a los recursos _995226 |
| 650 | 1 | 4 |
_aSostenibilidad de los recursos _996790 |
| 650 | 1 | 4 |
_aMétodos de investigación _992859 |
| 041 | 0 | _aInglés | |
| 700 | 1 |
_aDayton Johnson, Jeff _996795 |
|
| 100 | 1 |
_aBardhaan, Pranab _996794 |
|
| 942 | _cARTICULO | ||
| 773 | 1 |
_tPreprint _33 _q1-45 _d2001 |
|
| 999 |
_c12282 _d12282 |
||